Dharamveer Bharti Ki Lokpriya Kahaniyan (Record no. 1906)

MARC details
000 -LEADER
fixed length control field 00485nam a22001817a 4500
003 - CONTROL NUMBER IDENTIFIER
control field OSt
005 - DATE AND TIME OF LATEST TRANSACTION
control field 20260306154547.0
008 - FIXED-LENGTH DATA ELEMENTS--GENERAL INFORMATION
fixed length control field 260306b |||||||| |||| 00| 0 eng d
020 ## - INTERNATIONAL STANDARD BOOK NUMBER
International Standard Book Number 9789351865537
040 ## - CATALOGING SOURCE
Language of cataloging English
Transcribing agency Central Library IIT Goa
082 ## - DEWEY DECIMAL CLASSIFICATION NUMBER
Classification number 891.43301
Item number DHA
245 ## - TITLE STATEMENT
Title Dharamveer Bharti Ki Lokpriya Kahaniyan
260 ## - PUBLICATION, DISTRIBUTION, ETC.
Place of publication, distribution, etc. New Delhi :
Name of publisher, distributor, etc. Prabhat Paperbacks ,
Date of publication, distribution, etc. 2021
300 ## - PHYSICAL DESCRIPTION
Extent 184p.
650 ## - SUBJECT ADDED ENTRY--TOPICAL TERM
Topical term or geographic name entry element Hindi Fiction
650 ## - SUBJECT ADDED ENTRY--TOPICAL TERM
Topical term or geographic name entry element Short Stories
9 (RLIN) 3686
942 ## - ADDED ENTRY ELEMENTS (KOHA)
Source of classification or shelving scheme Dewey Decimal Classification
Koha item type Books
Holdings
Withdrawn status Lost status Source of classification or shelving scheme Damaged status Not for loan Collection code Home library Current library Shelving location Date acquired Source of acquisition Cost, normal purchase price Total Checkouts Full call number Barcode Date last seen Copy number Cost, replacement price Price effective from Koha item type Public note
    Dewey Decimal Classification     Hindi IIT Goa Central Library IIT Goa Central Library Fiction 2026-03-06 Rajasthani Granthagar 200.00   891.43301 DHA 4651 2026-03-06 1 200.00 2026-03-06 Books RG/2526/656||11-02-2026||20.00%